Bezpečnosť pestovania poľnohospodárskych plodín

Bibliographic Details
Main Authors: Hegedűsová, Alžbeta, 1953- (Author), Hegedűs, Ondrej, 1953- (Author)
Format: Book
Language:Slovak
PhysicalDescription:93 strán mapy, tabuľky 30 cm
Published: Nitra Slovenská poľnohospodárska univerzita 2020
ISBN:9788055221632
Edition:Vydanie druhé doplnené
Subjects:

MARC

LEADER 00000nam a2200000 4500
001 vtls011988478
003 SK-MaSNL
005 20260301225949.0
008 210624s2020 xo b f n 000 0 slo
015 |a SNBA2020/09 
020 |a 9788055221632  |q (brožované) 
035 |a urn:nbn:sk:snk-am00eoh2 
035 |a urn:nbn:sk:snk-am3iln8 
035 |a B9D49F04-16BE-4251-80E5-A8CA82D7A547 
040 |a SNK  |b slo  |c SNK  |e rda 
041 0 |a slo 
044 |a xo  |c SK 
072 7 |a 633  |x Rastlinná výroba  |2 konspekt 
080 |a 633/635  |2 2011 
080 |a 633  |2 2011 
080 |a 632.9  |2 2011 
080 |a 504.5  |2 2001 
080 |a (075.8)  |2 2001 
100 1 |a Hegedűsová, Alžbeta,  |d 1953-  |4 aut  |9 196245 
245 1 0 |a Bezpečnosť pestovania poľnohospodárskych plodín  |c Alžbeta Hegedűsová, Ondrej Hegedűs 
250 |a Vydanie druhé doplnené 
264 1 |a Nitra  |b Slovenská poľnohospodárska univerzita  |c 2020 
300 |a 93 strán  |b mapy, tabuľky  |c 30 cm 
336 |a text  |b txt  |2 rdacontent 
337 |a bez média  |b n  |2 rdamedia 
338 |a zväzok  |b nc  |2 rdacarrier 
366 |e 100 kusov 
500 |a Slovenská poľnohospodárska univerzita v Nitre vo Vydavateľstve SPU 
504 |a Bibliografia na strane 90-93 
650 0 7 |a poľnohospodárske plodiny  |2 SNKPH  |9 28804 
650 0 7 |a pestovanie poľných rastlín  |2 SNKPH  |9 31784 
650 0 7 |a ochrana rastlín  |2 SNKPH  |9 3636 
650 0 7 |a znečistenie životného prostredia  |2 SNKPH  |9 988 
650 0 7 |a znečisťujúce látky  |2 SNKPH  |9 26938 
650 0 7 |a Agricultural crops  |2 SNKPHeng  |9 265695 
650 0 7 |a Field crops cultivation  |2 SNKPHeng  |9 317676 
650 0 7 |a Environmental pollution  |2 SNKPHeng  |9 101056 
650 0 7 |a Pollutants  |2 SNKPHeng  |9 109284 
655 7 |a učebnice vysokých škôl  |2 SNKPH  |9 70191 
655 7 |a Textbooks (higher)  |2 SNKPHeng  |9 276436 
700 1 |a Hegedűs, Ondrej,  |d 1953-  |4 aut  |9 250169 
919 |a 978-80-552-2163-2 
999 |c 952971  |d 954901 
952 |a SNK  |b SNK  |y PREZ  |7 0  |p 17A1426276  |o snkSB 95845  |i snk2020/14739  |8 0  |0 0  |1 0  |4 0  |d 2020-08-21  |f 1  |l 0  |r 2025-05-19 00:00:00  |w 2026-02-24 
952 |a SNK  |b SNK  |y VYP  |7 0  |p 17A1426273  |o snkSB 95845 D1  |i snk2020/14740  |8 0  |0 0  |1 0  |4 0  |d 2020-08-21  |l 0  |r 2026-02-24 09:54:16  |w 2026-02-24